Statistics for Who sang these songs with a road/st etc name in the title

Click here to take the quiz!

General Stats

  • This quiz has been taken 17 times
  • The average score is 5 of 10

Answer Stats

HintAnswer% Correct
Goodbye Yellow Brick RoadElton John
94%
Penny LaneThe Beatles
94%
Baker StreetGerry Rafferty
76%
Electric AvenueEddy Grant
59%
Positively 4th StreetBob Dylan
47%
Stanley RoadPaul Weller
35%
Love StreetThe Doors
24%
Incident on 57th StreetBruce Springsteen
12%
Denmark StreetThe Kinks
12%
Caledonian RoadShop Assistants
0%

Score Distribution

Percentile by Number Answered

Percent of People with Each Score

Your Score History

You have not taken this quiz